Регионална библиотека "Любен Каравелов" - Русе

Тероризъм (Запис номер 101046)

MARC детайли
000 -Лидер
Контролно поле с фиксирана дължина 01760nam a2200361 c 4500
003 - Код на организацията, давaща контролен номер
Контролно поле BLK
005 - Дата и час на последна редакция
Контролно поле 20180420230050.0
008 - Елементи от данни с фиксирана дължина
fixed length control field 180409b bul|||||r ||||||| ||bul||
010 ## - Наследен системен номер
LC control number KNG00106088000
020 ## - Международен стандартен номер на книга ISBN
Международен стандартен номер на книга ISBN 954-509-245-9
-- издат.: Воен. изд.
040 ## - Източник на каталожния запис
Идентификатор на билиотеката - собственик на записа BLK
041 ## - Код за език
Код за езика на текст/звукозапис или на отделно заглавие Български
Код за езика КДБФ Български
080 ## - УДК
Текстов определител УДК Политическо преследване. Терористични действия. Тероризъм - Атентати, политически убийства. Вж и 343.1 ; 343.3/.7
УДК код - определител по УДК 323.28
УДК определител (091)
УДК - код + определител 323.28(091)
080 ## - УДК
Текстов определител УДК Политически интриги. Подривна дейност. Диверсии. Пета колона
УДК код - определител по УДК 327.88
УДК определител
УДК - код + определител 327.88
080 ## - УДК
Текстов определител УДК Органи на обществения ред. Полиция. Обществена власт. Доброволни отреди. Държавна сигурност. Милиция. Дейност на полицията по вътрешно разузнаване
УДК код - определител по УДК 351.74
УДК определител
УДК - код + определител 351.74
100 1# - Редна дума - Автор
Автор Стоянов, Георги Стоянов
Авторска отговорност първи автор
R(LIN) 256393
139 ## - Редно поле
Редна дума Стоянов, Георги Стоянов
Авторски знак Стоя - С 83
245 10 - Сведения за заглавието
Заглавие Тероризъм
Подзаглавни данни История и генезис
Редно поле (дума) Георги Стоянов Стоянов.
257 ## - Страна на издаване
Страна на създаване/издаване България
260 ## - Област на издателските данни
-- София
Име на издателя, разпространителя и проч. Воен. изд.
Година на издаване 2003
300 ## - Физическа характеристика
Страници 148 с.
Размери/Мащаб 24 см
380 ## - Жанр
Жанр Обществени науки
500 ## - Общи забележки
Забележка Офс. изд.
650 #4 - Допълнително описание по предмет – тема
Основно описание – тема или топоним Тероризъм - история и генезис
9 (RLIN) 285423
650 #4 - Допълнително описание по предмет – тема
Основно описание – тема или топоним Охрана и сигурност
9 (RLIN) 266473
653 ## - Ключова дума – ненормативна
Ключова дума тероризъм
653 ## - Ключова дума – ненормативна
Ключова дума спецслужби
852 ## - Местоположение
Форматна сигнатура Цб 214804
856 4# - Електронен адрес и достъп
Електронен формат pdf - файл
Път до файла /url/
856 4# - Електронен адрес и достъп
Електронен формат pdf - файл
Път до файла /url/
942 ## - АРТИКУЛИ
Вид на библиотечния материал Книги
Скрит в OPAC Не
944 ## - СЪЗДАВАНЕ И РЕДАКЦИЯ на ЗАПИСА
Създаване/Редакция Създаване
Дата на регистрацията/редакция 01.01.2003
Служител, извършил регистрацията/редакцията Цветанка_Енчева
944 ## - СЪЗДАВАНЕ И РЕДАКЦИЯ на ЗАПИСА
Създаване/Редакция Редакция
Дата на регистрацията/редакция 04.04.2005
Служител, извършил регистрацията/редакцията
999 ## - СИСТЕМНИ КОНТРОЛНИ НОМЕРА
Koha biblionumber 101046
Koha biblioitemnumber 101046
Наличности
Код за отписване Код за изгубен артикул Код за повреда Коз за рестрикции Код за отдаване Артикулен № Име на библиотеката - собственик Име на библиотеката, в която се намира в момента Статус (Текущо местоположение) Дата на вписване в системата Местоположение - отдел Цена в лева Инвентарен номер Систематично азбучна сигнатура Баркод Номер на екземпляра Цена в евро Служебна бележка Служебен тип на артикула
  Не е изгубен Не е повреден без рестрикции ползва се в читалня 162651 Регионална библиотека "Любен Каравелов" Русе Регионална библиотека "Любен Каравелов" Русе Читалня 2003-05-15 Читалня 6.00 120000676174 Ч 32/С 83 120000676174 1 3.07 Дост: Pk Вид: Ф N: 8613 Дата: 13.05.2003 Дата инв: 22.03.2017 Бележки инв: Ч2017 Книги
  Не е изгубен Не е повреден без рестрикции ползва се в читалня 162652 Регионална библиотека "Любен Каравелов" Русе Регионална библиотека "Любен Каравелов" Русе Хранилище 2005-01-24 Хранилище 6.00 120000691390 Цб 214804 120000691390 2 3.07 Дост: Dp Вид: Д N: 13 Дата: 17.03.2004 Книги
Vip Innovations Ltd, Rousse, Bulgaria 2025